| 000 | 00668aam a2200253 4500 | ||
|---|---|---|---|
| 005 | 20191021110318.0 | ||
| 008 | 150722b xxu||||| |||| 00| 0 spa d | ||
| 041 | _aEspañol | ||
| 082 | _a371.39 P425p | ||
| 245 | _aEl pequeño Arlequin: actividades de plástica y psicomotricidad | ||
| 260 | _aEspaña | ||
| 260 | _bOceáno | ||
| 260 | _c1999 | ||
| 300 | _a100 páginas | ||
| 500 | _aTomo I | ||
| 505 | _aContiene Disco Compacto N° 503 | ||
| 650 |
_aAPRENDIZAJES _915992 |
||
| 650 |
_aCOMUNICACIÓN _9490 |
||
| 650 |
_aCREATIVIDAD _956550 |
||
| 650 |
_aTITERES _915994 |
||
| 650 |
_aPSICOMOTRICIDAD _99523 |
||
| 650 |
_aACTIVIDADES _915995 |
||
| 942 | _cBK | ||
| 999 |
_c254 _d254 |
||